| 000 | 00549cam a2200193ua 4500 | ||
|---|---|---|---|
| 001 | 12285 | ||
| 005 | 20260515114847.0 | ||
| 008 | 200826n ii |||gr||||Z||||||asm | ||
| 020 | _a9789324405678 | ||
| 040 | _cMAIN | ||
| 082 | _a954.162 | ||
| 100 |
_aJoyshree Goswami Mahanta, _eEditor. |
||
| 245 |
_aAsom andolan : _bYugamiya cintar ek pratifalan volume VI / _cEd by Joyshree Goswami Mahanta . |
||
| 250 |
_a1st ed. / _bV.VI. |
||
| 260 |
_aGuwahati: _bChandra prakash, _c2015. |
||
| 300 | _a284p. | ||
| 653 | _aSouth Asia India | ||
| 942 | _cBK | ||
| 999 |
_c11027 _d11027 |
||